000 00854nam a22002297a 4500
005 2012011901591.0
008 120119t xxu||||| |||| 00| 0 eng d
010 _aENG-104802
020 _a9788192102818
_c625.00
035 _aEN-88335
037 _bDBAD/PUB
040 _aDPL
_bEng
082 _a363.7
100 _939742
_aSharma, Vichitra Kumar.
245 _aEco-system and environment /
_cby Vichitra Kumar Sharma
260 _aDelhi
_bAncient Publishing House
_c2011
270 _aV-75, Street No. 15-A, Vijay Park, Near C-11, Shiv Sadhana Mandir, Yamuna Vihar
_bDelhi
_e110053
300 _avi,288p.
_c22cm(Hb)
500 _aIncludes index
942 _2ddc
_cEN
_h363.7
_mSHA
999 _c61237
_d61237